[Event "AUTO-MASTER-3277"]
[Site "http://www.queenalice.com/game.php?id=1861662"]
[Date "2025.8.15"]
[Round "1"]
[White "Capixaba789"]
[Black "attachui"]
[Result "0-1"]
[WhiteElo "1727"]
[BlackElo "2170"]

1. d4 Nf6 2. Nc3 g6 3. e4 d6 4. f4 Bg7 5. Nf3 O-O 6. Bd3 c5 7. d5 Nbd7 8. O-O a6
9. Ne2 b5 10. c3 Bb7 11. Ng3 Qb6 12. Be3 Ng4 13. Qe1 b4 14. c4 Bxb2 15. Rb1 Bc3
16. Bd2 Bg7 17. Be2 a5 18. Ng5 Bd4+ 19. Kh1 Ndf6 20. f5 h6 21. Nf3 e5 22. Nxd4
cxd4 23. fxg6 fxg6 24. Qd1 Ne3 25. Bxe3 dxe3 26. a4 Ba6 27. Qb3 Ng4 28. Bxg4 Qd4
29. Rfe1 Bxc4 30. Qxe3 Qxe3 31. Rxe3 Rf2 32. Be6+ Kg7 33. h4 Ba2 34. Rc1 b3 35.
Rxb3 Bxb3 36. Rc7+ Kf8 37. Bd7 Rf7 38. Rc8+ Rxc8 39. Bxc8 Bxa4 40. Ba6 Rf4 0-1

[Event "AUTO-MASTER-3280"]
[Site "http://www.queenalice.com/game.php?id=1862755"]
[Date "2025.9.9"]
[Round "1"]
[White "attachui"]
[Black "CCapivara"]
[Result "0-1"]
[WhiteElo "2144"]
[BlackElo "2272"]

1. d4 d6 2. e4 Nf6 3. f3 c6 4. Nc3 Nbd7 5. Bf4 e5 6. dxe5 dxe5 7. Bg5 Bb4 8. Ne2
O-O 9. a3 Bxc3+ 10. Nxc3 Qb6 11. b4 a5 12. Na4 Qa7 13. Qd2 axb4 14. Qxb4 Qxa4
15. Qb3 Qxb3 16. cxb3 Nc5 17. Bxf6 gxf6 18. b4 Ne6 19. b5 c5 20. Bc4 Nf4 21. g3
Be6 22. Bf1 Ng6 23. Rc1 b6 24. Rc3 Rfd8 25. Be2 Rd4 26. O-O Rad8 27. Re3 Rd2 28.
f4 Bh3 29. Re1 Rb2 30. f5 Nf8 0-1

[Event "AUTO-MASTER-3280"]
[Site "http://www.queenalice.com/game.php?id=1862770"]
[Date "2025.9.9"]
[Round "1"]
[White "Guilherme_Ottoni"]
[Black "attachui"]
[Result "0-1"]
[WhiteElo "2251"]
[BlackElo "2126"]

1. e4 c5 2. Nf3 d6 3. Bb5+ Nc6 4. O-O a6 5. Bxc6+ bxc6 6. h3 Bb7 7. Qe2 e5 8. d3
Ne7 9. Nh2 f5 10. Nc3 f4 11. a3 Ng6 12. g3 Qf6 13. g4 Nh4 14. Nf3 h5 15. Nxh4
Qxh4 16. Qf3 hxg4 17. Qxg4 Qxh3 18. Qxh3 Rxh3 19. Kg2 Bc8 20. Rh1 Rxh1 21. Kxh1
Bg4 22. Kg2 Be7 23. f3 Bh5 24. Bd2 O-O-O 25. Rh1 g6 26. Nd1 d5 27. Ba5 Rh8 28.
Nf2 Bf6 29. Bb6 Be7 30. a4 Kb7 31. Ba5 c4 32. dxc4 dxe4 33. fxe4 Bc5 34. Rf1 Be2
35. Re1 f3+ 36. Kg3 Bxf2+ 37. Kxf2 Rh2+ 0-1

[Event "AUTO-MASTER-3280"]
[Site "http://www.queenalice.com/game.php?id=1862780"]
[Date "2025.9.9"]
[Round "1"]
[White "Tartenfou93"]
[Black "attachui"]
[Result "0-1"]
[WhiteElo "2088"]
[BlackElo "2148"]

1. d4 Nf6 2. Bf4 g6 3. Nc3 Bg7 4. Qd2 d5 5. O-O-O a6 6. f3 O-O 7. g4 Ne8 8. h4
Nc6 9. h5 e5 10. dxe5 d4 11. Ne4 Nxe5 12. hxg6 fxg6 13. Bh6 Nf7 14. Bxg7 Kxg7
15. Nh3 h6 16. e3 Ne5 17. exd4 Nxf3 18. Qe3 Bxg4 19. Be2 Qd7 20. Nhf2 Bh5 21.
Rxh5 gxh5 22. Bxf3 Qf5 23. Rg1+ Kh7 24. Bg2 Nd6 25. Nd3 Rae8 26. Ne5 Qf4 27.
Qxf4 Rxf4 28. Nxd6 cxd6 29. Nc4 Rxd4 30. Nb6 Rg8 31. Nd7 Kh8 32. Nf6 Rg5 33. c3
Rf4 34. Nd5 Rf2 35. Ne3 Re2 36. Nc4 Rexg2 37. Rd1 Rg1 38. Nxd6 Rxd1+ 39. Kc2
Rxd6 0-1

[Event "AUTO-MASTER-3280"]
[Site "http://www.queenalice.com/game.php?id=1862781"]
[Date "2025.9.9"]
[Round "1"]
[White "attachui"]
[Black "Tartenfou93"]
[Result "1-0"]
[WhiteElo "2158"]
[BlackElo "2074"]

1. d4 Nf6 2. c4 c5 3. d5 d6 4. Nc3 Bf5 5. Bg5 Nbd7 6. f3 h6 7. Bh4 g5 8. Bg3 Nh5
9. Bxd6 exd6 10. g4 Bxg4 11. fxg4 Nf4 12. Nh3 Qf6 13. Ne4 Qe5 14. Qc2 Bg7 15.
Nxf4 Qxf4 16. Bg2 O-O-O 17. Rf1 Qxh2 18. e3 Qh4+ 19. Qf2 Qxf2+ 20. Rxf2 Ne5 21.
Rc1 Nd3+ 22. Kd2 Nxf2 23. Nxf2 Bxb2 24. Rb1 Ba3 25. Ne4 Rhe8 26. Nf6 Re7 27. Rh1
Rh8 28. Ne4 Re5 29. Nxd6+ Kc7 30. Nxf7 Rhe8 31. Nxe5 Rxe5 32. Rxh6 Bb4+ 33. Kd3
Be1 34. Be4 Bg3 35. Bf5 Bf2 36. e4 Bh4 37. Rh7+ Kb6 38. d6 Re8 39. e5 Rxe5 40.
d7 Kc7 41. Rh8 1-0

[Event "Challenge"]
[Site "http://www.queenalice.com/game.php?id=1863049"]
[Date "2025.9.14"]
[Round "-"]
[White "jogo"]
[Black "attachui"]
[Result "0-1"]
[WhiteElo "1913"]
[BlackElo "2120"]

1. e4 c5 2. Nf3 d6 3. c3 Nf6 4. Bb5+ Bd7 5. Bxd7+ Nbxd7 6. Qe2 g6 7. d4 cxd4 8.
cxd4 Bg7 9. Nc3 Rc8 10. e5 dxe5 11. dxe5 Ng4 12. Bf4 Qa5 13. O-O-O Qxa2 14. Kc2
Qa4+ 15. Kb1 Qxf4 16. Rd4 Qf5+ 17. Ka1 Ngxe5 18. Nxe5 Nxe5 19. Re1 O-O 20. g3
Rxc3 21. bxc3 Nf3 22. Rd3 Nxe1 0-1

[Event "Challenge"]
[Site "http://www.queenalice.com/game.php?id=1866041"]
[Date "2025.11.23"]
[Round "-"]
[White "jogo"]
[Black "attachui"]
[Result "0-1"]
[WhiteElo "1858"]
[BlackElo "2142"]

1. e4 c5 2. c3 d5 3. exd5 Qxd5 4. d4 cxd4 5. Qxd4 Qxd4 6. cxd4 Nf6 7. Nc3 Nc6 8.
Bb5 Bd7 9. f4 Nxd4 10. Bxd7+ Nxd7 11. Kd1 e5 12. fxe5 Nxe5 13. Be3 Nf5 14. Bf4
Nd3 15. Bg3 Nxg3 16. Kd2 Nxh1 17. Kxd3 Nf2+ 18. Ke2 Ng4 19. h3 Ne5 20. Rd1 Rd8
21. Rxd8+ Kxd8 22. Nb5 Bc5 23. Nf3 Nc4 24. b3 Re8+ 0-1

[Event "Challenge"]
[Site "http://www.queenalice.com/game.php?id=1866042"]
[Date "2025.11.23"]
[Round "-"]
[White "attachui"]
[Black "jogo"]
[Result "1-0"]
[WhiteElo "2145"]
[BlackElo "1861"]

1. d4 Nf6 2. c4 e6 3. Nc3 Bb4 4. Qc2 O-O 5. Nf3 c5 6. a3 Bxc3+ 7. Qxc3 Ne4 8.
Qc2 d5 9. Bf4 Qa5+ 10. Bd2 Nxd2 11. Nxd2 cxd4 12. b4 Qc7 13. Rc1 dxc4 14. Nxc4
b5 15. Na5 Qxc2 16. Rxc2 Bd7 17. Nb3 e5 18. Nd2 Na6 19. g3 Rac8 20. Rxc8 Rxc8
21. Nf3 Rc1+ 22. Kd2 Ra1 23. Nxe5 Bh3 24. Bg2 Ra2+ 25. Kd3 Bxg2 26. Rc1 Rxa3+
27. Kxd4 f6 28. Rc8# 1-0

[Event "AUTO-MASTER-3277"]
[Site "http://www.queenalice.com/game.php?id=1867051"]
[Date "2025.12.14"]
[Round "2"]
[White "chessman"]
[Black "attachui"]
[Result "0-1"]
[WhiteElo "2143"]
[BlackElo "2107"]

1. e4 c5 2. Nf3 d6 3. Bb5+ Nd7 4. c4 Nf6 5. d3 g6 6. O-O Bg7 7. Re1 O-O 8. Bg5
h6 9. Bh4 Nh7 10. Bg3 Bxb2 0-1